Income and poverty status among women experiencing intimate partner violence: A positive social return on investment from civil legal aid services

Gespeichert in:  
Bibliographische Detailangaben
VerfasserInnen: Teufel, James (Verfasst von) ; Hartley, Carolyn Copps (Verfasst von) ; Gallo, Michael (Verfasst von) ; Renner, Lynette M. (Verfasst von)
Medienart: Elektronisch Aufsatz
Sprache:Englisch
Veröffentlicht: 2021
In: Law & society review
Jahr: 2021, Band: 55, Heft: 3, Seiten: 405-428
Online-Zugang: Volltext (lizenzpflichtig)
Verfügbarkeit prüfen: HBZ Gateway

MARC

LEADER 00000caa a22000002c 4500
001 191258820X
003 DE-627
005 20250113054956.0
007 cr uuu---uuuuu
008 241217s2021 xx |||||o 00| ||eng c
024 7 |a 10.1111/lasr.12572  |2 doi 
035 |a (DE-627)191258820X 
035 |a (DE-599)KXP191258820X 
040 |a DE-627  |b ger  |c DE-627  |e rda 
041 |a eng 
084 |a 2,1  |2 ssgn 
100 1 |a Teufel, James  |e VerfasserIn  |4 aut 
245 1 0 |a Income and poverty status among women experiencing intimate partner violence: A positive social return on investment from civil legal aid services 
264 1 |c 2021 
336 |a Text  |b txt  |2 rdacontent 
337 |a Computermedien  |b c  |2 rdamedia 
338 |a Online-Ressource  |b cr  |2 rdacarrier 
700 1 |a Hartley, Carolyn Copps  |e VerfasserIn  |4 aut 
700 1 |a Gallo, Michael  |e VerfasserIn  |0 (DE-588)1245278827  |0 (DE-627)1776293827  |4 aut 
700 1 |a Renner, Lynette M.  |e VerfasserIn  |4 aut 
773 0 8 |i Enthalten in  |t Law & society review  |d New York : Cambridge University Press, 1966  |g 55(2021), 3, Seite 405-428  |h Online-Ressource  |w (DE-627)34133975X  |w (DE-600)2066683-4  |w (DE-576)107059541  |x 1540-5893  |7 nnas 
773 1 8 |g volume:55  |g year:2021  |g number:3  |g pages:405-428 
787 0 8 |i Forschungsdaten  |a Hartley, Carolyn Copps  |t The Long-Term Effects of Civil Legal Services on Battered Women (Iowa), 2012-2015  |d [Erscheinungsort nicht ermittelbar] : [Verlag nicht ermittelbar], 2017  |w (DE-627)1840042397 
856 4 0 |u https://doi.org/10.1111/lasr.12572  |x Resolving-System  |z lizenzpflichtig  |3 Volltext  |7 1 
935 |a mkri 
951 |a AR 
ELC |a 1 
LOK |0 000 xxxxxcx a22 zn 4500 
LOK |0 001 4637553709 
LOK |0 003 DE-627 
LOK |0 004 191258820X 
LOK |0 005 20241217044602 
LOK |0 008 241217||||||||||||||||ger||||||| 
LOK |0 035   |a (DE-2619)ICPSR176665 
LOK |0 040   |a DE-2619  |c DE-627  |d DE-2619 
LOK |0 092   |o n 
LOK |0 852   |a DE-2619 
LOK |0 852 1  |9 00 
LOK |0 935   |a nacp 
LOK |0 939   |a 17-12-24  |b l01 
ORI |a SA-MARC-krimdoka001.raw